[Event "Titled Tue 24th Jun Late"]
[Site "chess.com INT"]
[Date "2025.06.24"]
[Round "9"]
[White "Volodin, Alexandr E."]
[Black "Lin, Bryan Enming"]
[Result "1-0"]
[WhiteTitle "FM"]
[BlackTitle "FM"]
[WhiteElo "2344"]
[BlackElo "2343"]
[WhiteFideId "34268871"]
[BlackFideId "30987121"]
[EventDate "2025.06.24"]

1. d4 Nf6 2. Nc3 d5 3. Bf4 a6 4. e3 h6 5. Bd3 e6 6. Nf3 c5 7. dxc5 Bxc5 8. O-O
O-O 9. e4 Nc6 10. e5 Nd7 11. Qd2 f6 12. exf6 Qxf6 13. Bg3 Nde5 14. Nxe5 Nxe5 15.
Rae1 Nxd3 16. Qxd3 Qf5 17. Na4 Ba7 18. Bd6 Qxd3 19. cxd3 Rf7 20. Bc5 Bd7 21.
Bxa7 Bxa4 22. Bd4 Re8 23. Re3 Rc7 24. Rfe1 Rc2 25. h4 Bd7 26. Rg3 Re7 27. Rge3
Rf7 28. Rg3 Kh7 29. a3 a5 30. Bc3 a4 31. Bd4 Rc8 32. Rge3 Rf4 33. Be5 Rxh4 34.
d4 Rc2 35. R3e2 Rxe2 36. Rxe2 Bc6 37. f3 g5 38. g3 Rh5 39. g4 Rh4 40. Bg3 Rh3
41. Kg2 Rxg3+ 42. Kxg3 Bd7 43. Rc2 Bc6 44. Rc5 Kg6 45. Ra5 Kf6 46. Kf2 e5 47.
Ke3 Ke6 48. Ra8 Kf6 49. Rh8 Kg7 50. Rd8 Kf6 51. Rd6+ Ke7 52. dxe5 d4+ 53. Rxd4
Ke6 54. Rd6+ Kxe5 55. Rxh6 Kd5 56. Rh2 Kc4 57. f4 gxf4+ 58. Kxf4 Kb3 59. g5 Be8
60. Kf5 Bd7+ 61. Kf6 Bb5 62. g6 Bd3 63. g7 Bc4 64. Ke7 b5 65. Kf8 b4 66. axb4
Bg8 67. Kxg8 1-0

[Event "Titled Tue 24th Jun Late"]
[Site "chess.com INT"]
[Date "2025.06.24"]
[Round "9"]
[White "Vlassov, Nikolai"]
[Black "Sharankov, Grigory"]
[Result "1-0"]
[WhiteTitle "IM"]
[BlackTitle "CM"]
[WhiteElo "2291"]
[BlackElo "2238"]
[WhiteFideId "4103360"]
[BlackFideId "4168356"]
[EventDate "2025.06.24"]

1. e4 c6 2. d4 d5 3. f3 g6 4. Nc3 Bg7 5. Be3 Qb6 6. Qd2 Qxb2 7. Rb1 Qa3 8. exd5
Nf6 9. Bc4 O-O 10. Nge2 Qa5 11. dxc6 bxc6 12. O-O Ba6 13. Bxa6 Nxa6 14. Ne4 Qxd2
15. Bxd2 Nd5 16. Rb3 Nb6 17. Rfb1 Rfd8 18. c3 h6 19. Ra3 Nc7 20. Bf4 Ncd5 21.
Bg3 Nc4 22. Ra6 f5 23. Nc5 Nxc3 24. Nxc3 Bxd4+ 25. Bf2 Bxc3 26. Rxc6 Ne5 27. Rc7
Rab8 28. Rxb8 Rxb8 29. h4 Kf7 30. Na6 Rb1+ 31. Kh2 Rb2 32. Rxc3 Rxf2 33. Kg3
Rxa2 34. Nb4 Ra4 35. Nd5 g5 36. hxg5 hxg5 37. Rc7 f4+ 38. Kh2 Ng6 39. Kh3 Ra5
40. Nb4 Ne5 41. Rb7 Ra1 42. Kh2 a5 43. Nd5 Ng6 44. Kh3 a4 45. Kg4 a3 46. Ra7
Ne5+ 47. Kxg5 Nc6 48. Ra6 Ke6 49. Nb4 Rc1 50. Nxc6 Kd5 51. Nxe7+ Kc4 52. Rxa3
Rg1 53. Kxf4 Kc5 54. Re3 Kd6 55. Nf5+ 1-0

[Event "Titled Tue 24th Jun Late"]
[Site "chess.com INT"]
[Date "2025.06.24"]
[Round "9"]
[White "Matinian, Nikita"]
[Black "Zhigalko, Sergei"]
[Result "1/2-1/2"]
[WhiteTitle "GM"]
[BlackTitle "GM"]
[WhiteElo "2421"]
[BlackElo "2572"]
[WhiteFideId "24129100"]
[BlackFideId "13502956"]
[EventDate "2025.06.24"]

1. e4 c5 2. Nf3 Nc6 3. Bb5 Nf6 4. Bxc6 dxc6 5. d3 Bg4 6. h3 Bh5 7. Bf4 c4 8. Nc3
cxd3 9. cxd3 e6 10. g4 Bg6 11. Qb3 Qb6 12. Ne5 Qxb3 13. axb3 Nd7 14. Nc4 Nc5 15.
Be3 a6 16. Ke2 Nxb3 17. Rad1 Nc5 18. f4 f6 19. b4 Nd7 20. Rb1 Be7 21. Na5 O-O-O
22. Na4 e5 23. f5 Bf7 24. Rhc1 Kb8 25. Nc5 Nxc5 26. bxc5 Rd7 27. Nxc6+ Ka8 28.
Nxe7 Rxe7 29. c6 Rc7 30. cxb7+ Rxb7 31. Ra1 Rb2+ 32. Kf3 Kb7 33. Ra5 Rd8 34.
Rac5 Rd7 35. R1c3 Rb3 36. Rxb3+ Bxb3 37. Rc3 Bd1+ 38. Kf2 Ba4 39. g5 Bb5 40. Ke2
Rd6 41. h4 g6 42. fxg6 hxg6 43. gxf6 Rxf6 44. Rc5 Rd6 45. Rxe5 Bxd3+ 46. Kf3 Rc6
47. Kg4 a5 48. Rxa5 Bxe4 49. Re5 Bd3 50. Kg5 Rc4 51. Re7+ Kc6 52. Re6+ Kd5 53.
Re8 Bc2 54. Bf4 Kc6 55. Re6+ Kb5 56. Re3 Ka4 57. Re6 Kb5 58. Re5+ Rc5 59. Rxc5+
Kxc5 60. h5 gxh5 61. Kxh5 1/2-1/2

[Event "Titled Tue 24th Jun Late"]
[Site "chess.com INT"]
[Date "2025.06.24"]
[Round "9"]
[White "Ohler, Julius"]
[Black "Gimeno Martos, Roberto"]
[Result "1-0"]
[WhiteTitle "FM"]
[BlackTitle "CM"]
[WhiteElo "2301"]
[BlackElo "2090"]
[WhiteFideId "16238982"]
[BlackFideId "2226804"]
[EventDate "2025.06.24"]

1. d4 d5 2. Bf4 g6 3. Nf3 Bg7 4. e3 Nf6 5. Be2 Nh5 6. Be5 f6 7. Bg3 Nxg3 8. hxg3
c6 9. c4 Bg4 10. Qb3 Qb6 11. Qxb6 axb6 12. cxd5 cxd5 13. Nc3 e6 14. Nb5 Kd7 15.
a3 Nc6 16. Kd2 h5 17. Bd3 Bxf3 18. gxf3 f5 19. f4 Na5 20. Ke2 Bf6 21. Rac1 Rac8
22. Na7 Ra8 23. Nb5 Rac8 24. Nc3 Nb3 25. Rcd1 Ke7 26. Na4 Rc6 27. Nc3 Rhc8 28.
Bc2 Na5 29. Ba4 R6c7 30. Bb5 Kf7 31. Na4 Rc2+ 32. Rd2 Nb3 33. Rxc2 Rxc2+ 34. Kf3
Bxd4 35. Bd3 Rd2 36. Bxf5 exf5 37. exd4 Rxd4 38. Nxb6 Nd2+ 39. Kg2 Ne4 40. f3
Rd2+ 41. Kg1 Nxg3 42. Rh2 Rd1+ 43. Kg2 Ne2 44. Kf2 Nxf4 45. Ke3 Ne6 46. Rc2 Re1+
47. Kf2 Re5 48. Rd2 d4 49. Nc4 Rc5 50. Nd6+ Kf6 51. Nxb7 Rb5 52. Nd6 Rb7 53. b4
Rd7 54. Nc4 f4 55. Rd3 h4 56. Kg2 Ng5 57. Nd2 Re7 58. Rxd4 Re2+ 59. Kf1 h3 60.
Kxe2 h2 61. Rxf4+ Ke5 62. Rh4 1-0

[Event "Titled Tue 24th Jun Late"]
[Site "chess.com INT"]
[Date "2025.06.24"]
[Round "9"]
[White "Drygalov, Sergey"]
[Black "Maghsoodloo, Parham"]
[Result "0-1"]
[WhiteTitle "GM"]
[BlackTitle "GM"]
[WhiteElo "2560"]
[BlackElo "2691"]
[WhiteFideId "24171743"]
[BlackFideId "12539929"]
[EventDate "2025.06.24"]

1. d4 Nf6 2. c4 e6 3. Nf3 b6 4. g3 Ba6 5. Qc2 c5 6. d5 exd5 7. cxd5 Bb7 8. Bg2
Nxd5 9. O-O Be7 10. Rd1 Nc6 11. Qf5 Nf6 12. e4 g6 13. Qf4 Nh5 14. Qh6 Bf8 15.
Qe3 Bg7 16. e5 O-O 17. g4 Re8 18. gxh5 Nxe5 19. Nxe5 Rxe5 20. Qg3 Bxg2 21. Qxg2
Rxh5 22. Nc3 Be5 23. h3 Rc8 24. Be3 d6 25. Rd3 Qd7 26. Ne4 d5 27. Bf4 Qf5 28.
Ng3 Qxd3 29. Nxh5 Bxb2 30. Re1 Qf5 31. Bg5 Bc3 32. Re3 Be5 33. Rxe5 Qxe5 34. Nf4
d4 35. Nd5 Rf8 36. Bf6 Qe1+ 37. Kh2 Re8 38. Bh4 Qe5+ 39. Bg3 Qe6 40. Qf3 f5 41.
Bh4 Kf7 42. Bg3 Qe4 43. Qb3 Qe6 44. Qf3 Rd8 45. Nf4 Qc4 46. Qb7+ Ke8 47. Qxh7
Qf7 48. Qh8+ Kd7 49. Qe5 Re8 50. Ne6 Rxe6 51. Qc7+ Ke8 52. Qc8+ Ke7 53. Bh4+ Kd6
54. Bg3+ Kd5 55. Qa8+ Rc6 56. Qd8+ Kc4 57. Qg5 Kb5 58. Qd2 Ka6 59. Qd3+ Kb7 60.
Qf3 g5 61. Be5 Qe7 62. Qg3 f4 0-1

[Event "Titled Tue 24th Jun Late"]
[Site "chess.com INT"]
[Date "2025.06.24"]
[Round "9"]
[White "Salonen, Aku"]
[Black "Hernandez Leon, Sergio"]
[Result "1-0"]
[WhiteTitle "FM"]
[BlackTitle "CM"]
[WhiteElo "2330"]
[BlackElo "2102"]
[WhiteFideId "517577"]
[BlackFideId "2285622"]
[EventDate "2025.06.24"]

1. c4 e5 2. g3 Nf6 3. Bg2 Nc6 4. Nc3 Bb4 5. Nf3 Bxc3 6. bxc3 O-O 7. O-O Re8 8.
d3 h6 9. Rb1 e4 10. Nd4 Nxd4 11. cxd4 d6 12. f3 exd3 13. Qxd3 d5 14. cxd5 Qxd5
15. e4 Qxa2 16. d5 Nd7 17. Bb2 Qa5 18. Kh1 b6 19. Qd4 f6 20. Rbc1 Nc5 21. Qc3
Qb5 22. Ba3 c6 23. Bxc5 bxc5 24. Qxc5 Qxc5 25. Rxc5 cxd5 26. Rxd5 Be6 27. Ra5
Red8 28. Rfa1 Rd2 29. Ra6 Bc4 30. Rc6 Bb5 31. Rc7 Rad8 32. h4 Rd1+ 33. Rxd1
Rxd1+ 34. Kh2 a6 35. f4 Rd2 36. Kg1 Rd1+ 37. Kh2 Rd2 38. Kg1 Rd1+ 39. Kf2 Rd2+
40. Kf3 Rd3+ 41. Kg4 h5+ 42. Kh3 a5 43. e5 fxe5 44. fxe5 a4 45. e6 a3 46. Ra7
Bc4 47. e7 Kf7 48. Bc6 Be6+ 49. Kh2 Rd2+ 50. Kg1 Bd7 51. Bxd7 Kxe7 52. Bb5+ Kf6
53. Bc4 Rc2 54. Bg8 Rc3 55. Ra5 Rxg3+ 56. Kh2 Rc3 57. Rxh5 a2 58. Ra5 Rc2+ 59.
Kh3 Rc3+ 60. Kg4 Rc4+ 61. Bxc4 a1=Q 62. Rxa1 1-0

[Event "Titled Tue 24th Jun Late"]
[Site "chess.com INT"]
[Date "2025.06.24"]
[Round "9"]
[White "Rustemov, Alexander"]
[Black "Lysyj, Igor"]
[Result "0-1"]
[WhiteTitle "GM"]
[BlackTitle "GM"]
[WhiteElo "2525"]
[BlackElo "2582"]
[WhiteFideId "4119002"]
[BlackFideId "4150120"]
[EventDate "2025.06.24"]

1. d4 d5 2. c4 e6 3. cxd5 exd5 4. Nc3 c5 5. Nf3 Nc6 6. Bg5 Be7 7. Bxe7 Ngxe7 8.
e3 c4 9. b3 b5 10. bxc4 bxc4 11. Be2 Bf5 12. O-O O-O 13. Ne5 Qa5 14. Rc1 Nxe5
15. dxe5 Rfd8 16. g4 Be6 17. f4 d4 18. exd4 Qb6 19. Qd2 Rxd4 20. Qe3 Rxf4 21.
Qxb6 Rxf1+ 22. Kxf1 axb6 23. a4 Ng6 24. Rb1 Nxe5 25. Rxb6 h6 26. h3 Bd7 27. Rb4
Rc8 28. Kf2 Nd3+ 29. Bxd3 cxd3 30. Ne4 Ra8 31. Nc5 Bc6 32. Ke3 Bg2 33. h4 g5 34.
hxg5 hxg5 35. Nxd3 Kg7 36. Nc5 Bc6 37. Kd4 Bf3 38. Kc4 Bxg4 39. Kb5 Be2+ 40. Kc6
Re8 41. a5 g4 42. Rb2 Bf3+ 43. Kd7 Re3 44. Rb1 Ra3 45. a6 f5 46. Ke6 Kg6 47. Rb8
Ra5 48. Rc8 Kg5 49. Ke5 Kh4 50. Kd4 Kg3 51. Rf8 f4 52. Nd3 Ra4+ 53. Kc3 Rxa6 54.
Nxf4 Ra3+ 55. Kd4 Ra4+ 56. Ke3 Re4+ 57. Kd3 Rxf4 58. Rh8 Rf5 59. Ke3 Re5+ 60.
Kd4 Re7 61. Rg8 Kf2 62. Kc5 g3 63. Kd6 Re2 64. Rf8 g2 65. Rg8 g1=Q 66. Rxg1 Kxg1
67. Kc7 Kf2 0-1

[Event "Titled Tue 24th Jun Late"]
[Site "chess.com INT"]
[Date "2025.06.24"]
[Round "9"]
[White "Clawitter, Craig"]
[Black "Chiu, Isaac"]
[Result "0-1"]
[WhiteElo "2050"]
[BlackElo "2226"]
[WhiteFideId "2023105"]
[BlackFideId "30900654"]
[EventDate "2025.06.24"]

1. e4 e5 2. Nf3 Nc6 3. Bb5 a6 4. Ba4 Nf6 5. O-O Be7 6. Re1 b5 7. Bb3 O-O 8. h3
Bb7 9. d3 d6 10. a4 h6 11. Nc3 b4 12. Nd5 Nxd5 13. Bxd5 Qd7 14. a5 Nd8 15. Bxb7
Nxb7 16. d4 exd4 17. Nxd4 Rfe8 18. Bd2 Bf6 19. Nf5 c5 20. c3 bxc3 21. Bxc3 Bxc3
22. bxc3 Kh7 23. Qd2 Rad8 24. Qf4 Re6 25. Re3 Rg6 26. Rg3 Qe6 27. Rd1 Qe5 28.
Qxe5 dxe5 29. Rxd8 Nxd8 30. Rxg6 Kxg6 31. Ne7+ Kf6 32. Nd5+ Ke6 33. Nc7+ Kd6 34.
Nxa6 Nb7 35. Kf1 Nxa5 36. Ke2 Kc6 37. Kd3 Nb7 38. g3 Nd6 39. f4 f6 40. Nb8+ Kc7
41. Na6+ Kb6 42. Nb8 exf4 43. gxf4 Kc7 44. Na6+ Kc6 45. Nb8+ Kb6 46. Nd7+ Kb5
47. Nf8 g5 48. Ne6 Nf7 49. Ng7 Kc6 50. Nf5 h5 51. Ne7+ Kd6 52. Nf5+ Kd7 53. Ke3
gxf4+ 54. Kxf4 Ng5 55. Ng3 Nxh3+ 56. Kf3 h4 57. Nf5 Ng5+ 58. Kg4 Nxe4 59. Nxh4
Nxc3 60. Kf5 Ke7 61. Ng6+ Kf7 62. Nf4 c4 63. Ng2 Nd1 64. Ke4 Kg6 65. Nf4+ Kg5
66. Nd5 f5+ 67. Kd4 c3 68. Nxc3 Nxc3 69. Kxc3 Kf4 70. Kd3 Kf3 71. Kd2 Kf2 0-1

[Event "Titled Tue 24th Jun Late"]
[Site "chess.com INT"]
[Date "2025.06.24"]
[Round "9"]
[White "Sjugirov, Sanan"]
[Black "Moroni, Luca Jr"]
[Result "1-0"]
[WhiteTitle "GM"]
[BlackTitle "GM"]
[WhiteElo "2635"]
[BlackElo "2549"]
[WhiteFideId "4189302"]
[BlackFideId "865834"]
[EventDate "2025.06.24"]

1. Nf3 d5 2. g3 Nf6 3. Bg2 c5 4. O-O e6 5. c4 dxc4 6. Na3 Nc6 7. Nxc4 Be7 8. b3
O-O 9. Bb2 Nd5 10. d4 b5 11. Nce5 Nxe5 12. Nxe5 Bb7 13. dxc5 Bxc5 14. Rc1 Rc8
15. Qd2 Qe7 16. Nd3 Bb6 17. Rxc8 Rxc8 18. Rc1 Rxc1+ 19. Qxc1 f6 20. Ba3 b4 21.
Bxd5 Bxd5 22. Nxb4 Bb7 23. Nd3 Qd7 24. Bc5 Qd5 25. f3 Ba6 26. Bxb6 Bxd3 27. Qc8+
Kf7 28. Qc7+ Kg6 29. exd3 axb6 30. Qxb6 Qxf3 31. Qxe6 Qxd3 32. Qg4+ Kh6 33. Qf4+
Kg6 34. Qf2 Qc3 35. h3 f5 36. Kh2 h5 37. h4 Kf6 38. Qb6+ Kf7 39. Qf2 g6 40. Qe2
Kf6 41. Qg2 Kg7 42. Qe2 Kf6 43. Qf2 Kg7 44. Kg2 Kf6 45. Qb6+ Kf7 46. Qb7+ Kf6
47. Qa6+ Ke5 48. Qe2+ Kf6 49. Kf2 Qc5+ 50. Kf1 Qc1+ 51. Qe1 Qb2 52. Qf2 Qb1+ 53.
Kg2 Qe4+ 54. Kh2 Qd3 55. Qb2+ Ke6 56. b4 Kd7 57. b5 Kc7 58. b6+ Kb7 59. Qg7+
Kxb6 60. Qxg6+ Kc5 61. Qxh5 Qc2+ 62. Kh3 Qe4 63. Qd1 Qe3 64. Qf1 Qe4 65. Qf2+
Kd5 66. Qg2 1-0

[Event "Titled Tue 24th Jun Late"]
[Site "chess.com INT"]
[Date "2025.06.24"]
[Round "9"]
[White "Vasquez Schroeder, Rodrigo"]
[Black "Nguyen, Ngoc Truong Son"]
[Result "1-0"]
[WhiteTitle "GM"]
[BlackTitle "GM"]
[WhiteElo "2446"]
[BlackElo "2600"]
[WhiteFideId "3400042"]
[BlackFideId "12401110"]
[EventDate "2025.06.24"]

1. e4 e5 2. Nf3 Nc6 3. Bb5 Nf6 4. d3 Bc5 5. c3 O-O 6. O-O d5 7. Qe2 dxe4 8. dxe4
Qe7 9. Bg5 a5 10. Nbd2 h6 11. Bh4 Nd8 12. Rfe1 Ne6 13. Bg3 Nf4 14. Bxf4 exf4 15.
h3 Rd8 16. e5 Nh7 17. Bd3 Nf8 18. Rad1 Be6 19. a3 a4 20. Bc2 c6 21. Ne4 Bb6 22.
Nd6 Bc7 23. Nxb7 Rxd1 24. Rxd1 Bd5 25. Be4 Bb3 26. Rd2 Rb8 27. Nd6 Ng6 28. Bxc6
Rb6 29. Nf5 Qc5 30. Be4 Nxe5 31. Nxe5 Qxe5 32. Nd4 g6 33. Nf3 Qe6 34. Bd3 Qxe2
35. Bxe2 Kg7 36. Kf1 Bd6 37. Nd4 Bc5 38. Nxb3 axb3 39. Bc4 Bxa3 40. bxa3 b2 41.
Bd3 b1=Q+ 42. Bxb1 Rxb1+ 43. Ke2 Rb3 44. Rc2 Rxa3 45. Kf3 g5 46. Ke4 Kf6 47. Kd5
Ke7 48. c4 Kd7 49. Ke5 Ke7 50. c5 Ra5 51. Kd5 Kd7 52. Rb2 Ra7 53. c6+ Kc7 54.
Rb7+ Rxb7 55. cxb7 Kxb7 56. Ke5 Kc6 57. Kf6 Kd5 58. Kxf7 Ke4 59. Kg6 f3 60.
gxf3+ Kxf3 61. Kxh6 Kf4 62. Kh5 Kf5 63. f3 Kf6 64. Kh6 Kf5 65. Kg7 Kf4 66. Kg6
Kxf3 67. Kxg5 Ke4 68. h4 Ke5 69. Kg6 1-0

[Event "Titled Tue 24th Jun Late"]
[Site "chess.com INT"]
[Date "2025.06.24"]
[Round "9"]
[White "Yushko, Olga"]
[Black "Mayaud, Raphael"]
[Result "1/2-1/2"]
[WhiteTitle "WFM"]
[BlackTitle "CM"]
[WhiteElo "2033"]
[BlackElo "2126"]
[WhiteFideId "14114500"]
[BlackFideId "627151"]
[EventDate "2025.06.24"]

1. d4 d5 2. c4 c6 3. cxd5 cxd5 4. Nc3 Nf6 5. Bf4 Nc6 6. e3 e6 7. Bb5 Bd7 8. Nf3
Be7 9. O-O O-O 10. Rc1 Rc8 11. Qa4 a6 12. Bd3 Nb4 13. Qd1 Nxd3 14. Qxd3 b5 15.
Ne5 b4 16. Ne2 Bb5 17. Qd2 Ne4 18. Rxc8 Qxc8 19. Qd1 f6 20. Nd3 Qc4 21. Nec1 Rc8
22. Re1 Qc2 23. f3 Nd6 24. Nc5 Qxd1 25. Rxd1 Kf7 26. N1d3 g5 27. Bg3 a5 28. Bxd6
Bxd6 29. Nb7 Be7 30. Nxa5 Rc2 31. a4 Bxa4 32. Ra1 Bb5 33. Nc5 Bxc5 34. dxc5 Rxc5
35. b3 Rc3 36. Kf2 Rc2+ 37. Kg3 Re2 38. Rc1 Rxe3 39. Rc7+ Kg6 40. Rb7 Bf1 41.
Kf2 Ba6 42. Kxe3 Bxb7 43. Nxb7 e5 44. Nc5 f5 45. Na6 d4+ 46. Kd3 Kf6 47. Nxb4
Ke6 48. Nc2 Kd5 49. b4 e4+ 50. fxe4+ fxe4+ 51. Kd2 Kc4 52. Kd1 h5 53. Kd2 g4 54.
Kc1 d3 55. Ne3+ Kxb4 56. Nf5 Kc3 57. Kd1 h4 58. Nxh4 e3 59. Nf5 e2+ 60. Ke1 Kc2
61. Ne3+ Kc1 62. Nc4 Kc2 63. Nd2 Kc3 64. h3 gxh3 65. gxh3 Kd4 66. h4 Ke5 67. Kf2
Kf4 68. Nf3 Kg4 69. Ne1 d2 70. Kxe2 dxe1=Q+ 71. Kxe1 Kxh4 1/2-1/2

[Event "Titled Tue 24th Jun Late"]
[Site "chess.com INT"]
[Date "2025.06.24"]
[Round "9"]
[White "Petersen, Marcel"]
[Black "Fernandez, Maria Florencia"]
[Result "1-0"]
[WhiteTitle "CM"]
[BlackTitle "WIM"]
[WhiteElo "2236"]
[BlackElo "2163"]
[WhiteFideId "12935670"]
[BlackFideId "116459"]
[EventDate "2025.06.24"]

1. e4 c5 2. Nf3 d6 3. Bb5+ Nd7 4. O-O Nf6 5. Re1 a6 6. Bxd7+ Bxd7 7. c3 e6 8. d4
cxd4 9. cxd4 d5 10. exd5 Nxd5 11. Ne5 Be7 12. Qg4 O-O 13. Nc3 Nf6 14. Qf3 Bc8
15. Be3 Rb8 16. Red1 Nd5 17. Nxd5 Qxd5 18. Qxd5 exd5 19. Bf4 Bf5 20. g4 Bc2 21.
Rdc1 Rbc8 22. Nd7 Rfd8 23. Ne5 f6 24. Nf3 Kf7 25. Ne1 Be4 26. f3 Bg6 27. Kf2 h5
28. h3 hxg4 29. hxg4 Rh8 30. Rxc8 Rxc8 31. Rc1 Rxc1 32. Bxc1 Bb1 33. a3 Bd6 34.
Ng2 g5 35. Bd2 Ke6 36. Bb4 Bc7 37. Ne3 Bb6 38. Bc5 Bc7 39. Nd1 Bf4 40. Nc3 Bd3
41. b4 Bc4 42. a4 Bd2 43. Nb1 Bc1 44. a5 Bb5 45. Nc3 Bc4 46. Ne2 Ba3 47. Ng3 Bb2
48. Nf5 Bd3 49. Nd6 Bb5 50. Nxb7 Bc6 51. Nd8+ Kd7 52. Nxc6 Kxc6 53. Ke3 Kd7 54.
Kd3 Ke6 55. Bb6 Bc1 56. Bd8 Bf4 57. b5 axb5 58. a6 Bb8 59. Bb6 f5 60. a7 Bxa7
61. Bxa7 fxg4 62. fxg4 Kf6 63. Bb8 Ke6 64. Be5 Kd7 65. Kc3 Kc6 66. Kb4 Kb6 67.
Bd6 Ka6 68. Bc5 Kb7 69. Kxb5 Kc7 70. Bb4 Kd7 71. Kc5 Ke6 72. Kc6 Kf7 73. Kxd5
Kf6 74. Kc6 Kf7 75. Kd6 Kf6 76. Kd5 Kg6 77. Ke6 Kg7 78. d5 Kg8 79. d6 Kh7 80. d7
Kg6 81. d8=Q Kh7 82. Qe7+ Kh8 83. Kf6 Kg8 84. Qg7# 1-0

[Event "Titled Tue 24th Jun Late"]
[Site "chess.com INT"]
[Date "2025.06.24"]
[Round "9"]
[White "Cardozo Munar, Carlos Eduardo"]
[Black "Goncharov, Vladimir"]
[Result "0-1"]
[WhiteTitle "FM"]
[WhiteElo "2052"]
[BlackElo "2077"]
[WhiteFideId "4409477"]
[BlackFideId "34162256"]
[EventDate "2025.06.24"]

1. d4 Nf6 2. Bg5 e6 3. e4 h6 4. Bxf6 Qxf6 5. c3 Qd8 6. Nd2 d5 7. Bd3 c6 8. Ngf3
Nd7 9. O-O Be7 10. Re1 Nf6 11. e5 Nd7 12. Nf1 c5 13. a4 a6 14. a5 Rb8 15. Qe2 c4
16. Bb1 b6 17. axb6 Qxb6 18. Ra2 Bb7 19. Ng3 Bc6 20. Nh5 Kf8 21. Nd2 g6 22. Nf4
Kg7 23. Qg4 Nf8 24. Nh5+ Kg8 25. Re3 Rh7 26. Rf3 Be8 27. h4 Kh8 28. Nf4 h5 29.
Qg3 Rg7 30. Nh3 Nh7 31. Qf4 a5 32. Nf1 a4 33. Ng3 a3 34. Qh6 Qb3 35. Kh2 Qd1 36.
Bxg6 fxg6 37. bxa3 Rb1 38. Rd2 Qc1 39. Ng5 Bxg5 40. hxg5 Kg8 41. Rf6 Qxd2 42.
Rxe6 Bf7 43. Rd6 Rb8 44. e6 Be8 45. a4 Qxg5 46. Qxg5 Nxg5 47. a5 Re7 48. Rxd5
Nxe6 49. Ne4 Kg7 50. Nd6 Bf7 51. Nxc4 Nf4 52. Rc5 Bxc4 53. Rxc4 Ra7 54. Ra4 Rba8
55. d5 Rxa5 56. Rxf4 Rxd5 57. c4 Rc5 58. Rd4 Ra7 59. g3 Rac7 60. f4 Rxc4 61. Rd5
Rc2+ 62. Kh3 R7c3 63. Rd7+ Kf6 64. Rd6+ Kf7 65. Rd7+ Ke6 66. Rg7 Kf6 67. Rd7 Rc6
68. Ra7 R2c3 69. Ra8 Rb3 70. Rf8+ Kg7 71. Ra8 Rcc3 72. Kh4 Rxg3 73. Ra7+ Kh6 74.
f5 Rg4# 0-1

[Event "Titled Tue 24th Jun Late"]
[Site "chess.com INT"]
[Date "2025.06.24"]
[Round "9"]
[White "Skramstad, Oda Kofoed"]
[Black "Sroczynski, Maciej"]
[Result "0-1"]
[WhiteTitle "WCM"]
[BlackTitle "FM"]
[WhiteElo "1898"]
[BlackElo "2236"]
[WhiteFideId "1564862"]
[BlackFideId "1121472"]
[EventDate "2025.06.24"]

1. d4 c5 2. d5 e5 3. c4 d6 4. Nc3 g6 5. e4 Bg7 6. Nf3 Ne7 7. Bd3 a6 8. O-O O-O
9. Bg5 h6 10. Be3 f5 11. g3 f4 12. gxf4 exf4 13. Bd2 Bh3 14. Re1 g5 15. Bf1 Bg4
16. Bg2 Nd7 17. Qc2 Ng6 18. Rad1 Nge5 19. Nxe5 Bxd1 20. Qxd1 Nxe5 21. Qh5 Nxc4
22. Bc1 b5 23. Bh3 Ne5 24. Be6+ Kh8 25. Ne2 Qf6 26. b3 Rae8 27. Bb2 Rxe6 28.
dxe6 Qxe6 29. Kh1 Qg4 30. Qxg4 Nxg4 31. Bxg7+ Kxg7 32. f3 Ne3 33. Nc3 Kf6 34.
Re2 Ke5 35. Rd2 h5 36. Kg1 g4 37. Kf2 c4 38. Nd5 cxb3 39. axb3 Rc8 40. fxg4
Nxg4+ 41. Kf3 Rc1 42. Kg2 Rb1 43. Rd3 a5 44. h3 Ne3+ 45. Nxe3 fxe3 46. Rxe3 Rc1
47. Rd3 Rc6 48. Kf3 Rc5 49. h4 a4 50. bxa4 bxa4 51. Ra3 Ra5 52. Ke3 Ra8 53. Kf3
Kd4 54. Kf4 Kc4 55. Kg5 Kb4 56. Ra1 Re8 57. Kxh5 Rxe4 58. Kg5 a3 59. h5 Re2 60.
Rh1 a2 61. h6 d5 62. Kf6 Re8 63. h7 Kb3 64. Rh3+ Kc4 65. Rh1 d4 66. Kf7 Ra8 67.
Kg7 d3 68. h8=Q Rxh8 69. Kxh8 Kc3 70. Kg7 d2 71. Kf6 Kc2 72. Ke5 d1=Q 73. Rh2+
Qd2 74. Rh4 Qe2+ 75. Re4 a1=Q+ 76. Kf4 Qxe4+ 77. Kxe4 Qc3 78. Kd5 Qd3+ 79. Kc5
Kd2 80. Kb4 Ke2 81. Kc5 Ke3 82. Kb4 Kd4 83. Ka5 Qb1 84. Ka4 Kc5 85. Ka3 Kc4 86.
Ka4 Qb4# 0-1

[Event "Titled Tue 24th Jun Late"]
[Site "chess.com INT"]
[Date "2025.06.24"]
[Round "9"]
[White "Kourkoulos-Arditis, Stamatis"]
[Black "Palczert, Matyas"]
[Result "1-0"]
[WhiteTitle "GM"]
[BlackTitle "FM"]
[WhiteElo "2580"]
[BlackElo "2396"]
[WhiteFideId "4221990"]
[BlackFideId "784958"]
[EventDate "2025.06.24"]

1. Nf3 Nf6 2. b3 g6 3. Bb2 Bg7 4. g3 O-O 5. Bg2 d5 6. c4 c5 7. cxd5 Nxd5 8. Bxg7
Kxg7 9. O-O Nc6 10. d4 Qa5 11. e4 Nf6 12. d5 Rd8 13. Nbd2 Nb8 14. Nc4 Qc7 15.
Qc2 Bg4 16. Nfe5 Nbd7 17. Nxg4 Nxg4 18. h3 Nge5 19. Ne3 Nb6 20. f4 Ned7 21. e5
c4 22. bxc4 Rac8 23. Rac1 Qc5 24. Qf2 Qa3 25. Kh2 Nc5 26. Rcd1 Nd3 27. Qe2 Nb2
28. Rc1 Nd3 29. Rb1 Nc5 30. f5 Qc3 31. fxg6 fxg6 32. e6 Rf8 33. h4 Qe5 34. Qd2
Nba4 35. Ng4 Qc3 36. Qh6+ Kg8 37. Rf7 Rxf7 38. exf7+ Kxf7 39. Qxh7+ Ke8 40.
Qxg6+ Kd7 41. Qf5+ Kc7 42. Qe5+ Qxe5 43. Nxe5 Rf8 44. h5 Rf5 45. g4 Rxe5 46. h6
Nc3 47. h7 Nxb1 48. h8=Q Re2 49. Kg3 Nd2 50. Qg7 Nd3 51. g5 Re3+ 52. Kh2 Re2 53.
Kg3 Re3+ 54. Kh4 Nf4 55. Qd4 Nxg2+ 56. Kh5 Nf3 57. Qxa7 Re5 58. Qc5+ Kb8 59. Kg4
Nge1 60. Qb6 Rxg5+ 61. Kf4 Kc8 62. c5 Rxd5 63. c6 Rd4+ 64. Ke3 Rd3+ 65. Ke2 Rd2+
66. Ke3 Rd3+ 67. Kf2 bxc6 68. Qxc6+ Kb8 69. a4 Rd2+ 70. Kg3 Rg2+ 71. Kf4 Nd3+
72. Ke3 Nde5 73. Qb6+ Kc8 74. a5 Ra2 75. Qc5+ Kd7 76. Qd5+ Kc7 77. Qxa2 Kb7 78.
Qb3+ Ka6 79. Qb6# 1-0

[Event "Titled Tue 24th Jun Late"]
[Site "chess.com INT"]
[Date "2025.06.24"]
[Round "9"]
[White "Cieslak, Patryk"]
[Black "Plichta, Kamil"]
[Result "0-1"]
[WhiteTitle "FM"]
[BlackTitle "FM"]
[WhiteElo "2442"]
[BlackElo "2361"]
[WhiteFideId "21078882"]
[BlackFideId "1141830"]
[EventDate "2025.06.24"]

1. Nf3 g6 2. d4 Bg7 3. e4 c5 4. c3 cxd4 5. cxd4 Nf6 6. e5 Nd5 7. Bc4 Nb6 8. Bb3
O-O 9. O-O d6 10. Re1 Bg4 11. h3 Bxf3 12. Qxf3 Nc6 13. Rd1 dxe5 14. dxe5 Nxe5
15. Qxb7 Qc8 16. Qxe7 Nc6 17. Qe4 Nd4 18. Nc3 Re8 19. Qd3 Nxb3 20. axb3 Qe6 21.
Qb5 Red8 22. Be3 Rxd1+ 23. Rxd1 Rb8 24. Na4 Bf6 25. Nxb6 axb6 26. Qd5 Qxd5 27.
Rxd5 Bxb2 28. Rb5 Ra8 29. Rxb6 Be5 30. g3 h5 31. h4 Ra1+ 32. Kg2 Rb1 33. Kf3 Bc3
34. Bc5 Kg7 35. b4 Be5 36. Rb7 Rb3+ 37. Kg2 Bc3 38. b5 Kf6 39. Be3 Ke6 40. Rb6+
Ke7 41. Bc5+ Ke8 42. Rb7 Bb4 43. Be3 Bd6 44. b6 Kf8 45. Rd7 Be5 46. b7 Ke8 47.
Rd5 Bc7 48. Bc5 Rxb7 49. Rd3 Rb5 50. Re3+ Kd8 51. Be7+ Kd7 52. Bf6 Bd6 53. Bg5
Rd5 54. Rf3 Rf5 55. Rxf5 gxf5 56. Kf3 Ke6 57. Bf4 Be7 58. Be3 Bd6 59. Bd4 Bc7
60. Ke3 Bd6 61. Bg7 f4+ 62. gxf4 Kf5 63. Bh6 Be7 64. Bg5 Bc5+ 65. Kf3 Bb6 66.
Be7 Bd4 67. Bb4 Bf6 68. Kg3 Bd8 69. Bd2 Ke4 70. Bc1 f5 71. f3+ Kd3 72. Bb2 Ke2
73. Bg7 Bb6 74. Bf6 Bf2+ 75. Kg2 Be1 76. Bg5 Bd2 77. Bh6 Bc1 78. Bg5 Bd2 79. Kg1
Kxf3 80. Kf1 Bxf4 81. Bf6 Bg3 82. Be7 Kg4 83. Kg2 Bxh4 84. Bd6 Bg5 85. Bh2 h4
86. Be5 Bf4 87. Bd4 h3+ 88. Kf1 Kf3 89. Kg1 Be3+ 90. Bxe3 Kxe3 91. Kh2 f4 0-1